00258nam a2200121Ia 45000030006000000080041000060400015000471000018000622450018000802600009000985460012001070050017001190STCL150530s9999 xx 000 0 und d aSTCLcSTCL aCollins, H.P. aModern poetry c1900 aEnglish20220125170842.0